Prídu Košičania o poklad ? Bratislava tvrdí, že nie!

Bibliographic Details
Main Author: Podhorská, Kveta (Author)
Format: Article
Language:Slovak
Subjects:

MARC

LEADER 00000nab a2200000 a 4500
001 vtls000930514
003 SK-MaSNL
005 20260304000922.0
008 040720e20030707xo 0 slo
035 |a KE39391 
040 |a KEVKJB  |b slo  |c KEVKJB  |e AACR2 
041 0 |a slo 
044 |a xo  |c SK 
080 |a 943.76  |2 1981 
080 |a 737.122.1  |2 1981 
100 1 |a Podhorská, Kveta  |4 aut  |9 872973 
245 1 0 |a Prídu Košičania o poklad ?  |b Bratislava tvrdí, že nie! 
300 |b 1 foto 
610 2 7 |a Východoslovenské múzeum  |2 KEVKJB  |9 29561 
610 2 7 |a Košický zlatý poklad  |2 KEVKJB  |9 761318 
650 0 7 |a vlastníctvo  |2 KEVKJB  |9 281120 
651 7 |a Košice (Slovensko)  |2 KEVKJB  |9 18694 
773 0 8 |t Košický večer  |g Roč. 14  |g Roč. 35, č.128, 7.7.2003, s. 1 
852 |a ZVYKNI  |b KIS3GCP 
999 |c 2533721  |d 2535651